000
00308nam a22001337a 4500
008
180928b xxu||||| |||| 00| 0 eng d
020
_a
9780073381244
041
_a
eng
080
_2
16th
_a
330
100
_a
58
101
_a
BIZ
245
_a
Crafting & executing strategy
_c
Thompson,A.A
942
_2
udc
_c
BK
999
_c
48667
_d
48667